000 00353pam a2200157a 44500
008 230515b2009 xxu||||| |||| 00| 0 eng d
020 _aNULL
041 _aENGLISH
082 _a658.1
100 _aP C SHEJWALKARR
245 _aPRINCIPLES & PRACTICE OF MANAGEMENT
250 _a19
260 _aDELHI
_bNA
_c2009
300 _a130
650 _aNULL
999 _c637156
_d637156